Регионална библиотека "Любен Каравелов" - Русе

За короната (Запис номер 427663)

MARC детайли
000 -Лидер
Контролно поле с фиксирана дължина nam a22 a 4500
003 - Код на организацията, давaща контролен номер
Контролно поле BLK
005 - Дата и час на последна редакция
Контролно поле 20210810114136.0
008 - Елементи от данни с фиксирана дължина
fixed length control field 200316b bul|||||r ||||||| ||bul||
040 ## - Източник на каталожния запис
Идентификатор на билиотеката - собственик на записа BLK
041 ## - Код за език
Код за езика на текст/звукозапис или на отделно заглавие Български
Код за езика КДБФ Български
080 ## - УДК
Текстов определител УДК Френска литература
УДК код - определител по УДК 821.133.1
УДК определител -2
УДК - код + определител 821.133.1-2
100 ## - Редна дума - Автор
Автор Коппе, Франсоа
Авторска отговорност първи автор
R(LIN) 1299
139 ## - Редно поле
Редна дума Копе, Франсоа
245 10 - Сведения за заглавието
Заглавие За короната
Подзаглавни данни Драма в 5 д.
Редно поле (дума) Франсоа Коппе; Прев. Г. Д. Янколов
257 ## - Страна на издаване
Страна на създаване/издаване България
260 ## - Област на издателските данни
Място на издаване, разпространение и проч. Пловдив
Име на издателя, разпространителя и проч. Книж. Зора на Г. Цаков
Година на издаване 1895
Печатница Пловдив : Съгласие
300 ## - Физическа характеристика
Страници 97 с.
Размери/Мащаб 21 см
380 ## - Жанр
Жанр Худож. лит.
490 ## - СЕРИИ (Колекции)
9 (RLIN) 435080
Име на серия Колекция Редки и ценни издания
500 ## - Общи забележки
Забележка (Цена в кумул.) : 1.20 лв.
700 ## - Други автори (авторска отговорност)
Лично име Янколов, Г. Д.
Автороска отговорност (Описва отношението между автора и произведението) прев.
9 (RLIN) 966
852 ## - Местоположение
Форматна сигнатура Рб 895
Фондова буква Редки и ценни
856 4# - Електронен адрес и достъп
Електронен формат pdf - файл
Път до файла /url/
856 4# - Електронен адрес и достъп
Електронен формат pdf - файл
Път до файла /url/
999 ## - СИСТЕМНИ КОНТРОЛНИ НОМЕРА
Koha biblionumber 427663
Koha biblioitemnumber 427663
942 ## - АРТИКУЛИ
Вид на библиотечния материал Книги
Скрит в OPAC Не
Периодичен библиозапис Да
944 ## - СЪЗДАВАНЕ И РЕДАКЦИЯ на ЗАПИСА
Създаване/Редакция Създаване
Дата на регистрацията/редакция 2021-08-10
Служител, извършил регистрацията/редакцията Микаела Микова-Илиева
999 ## - СИСТЕМНИ КОНТРОЛНИ НОМЕРА
Koha biblioitemnumber 427663
999 ## - СИСТЕМНИ КОНТРОЛНИ НОМЕРА
Koha biblioitemnumber 538137
Наличности
Код за отписване Код за изгубен артикул Източник на класификационната схема Код за повреда Коз за рестрикции Код за отдаване Артикулен № Име на библиотеката - собственик Име на библиотеката, в която се намира в момента Статус (Текущо местоположение) Дата на вписване в системата Местоположение - отдел Цена в лева Инвентарен номер Систематично азбучна сигнатура Баркод Цена в евро Служебен тип на артикула
  Не е изгубен Universal Decimal Classification Не е повреден само за читалня Специални фондове ( старопечатни, редки и ценни, фонд М. Арнаудов) 852912 Регионална библиотека "Любен Каравелов" Русе Регионална библиотека "Любен Каравелов" Русе Редки и ценни 2021-09-17 Редки и ценни 0.08 2875 Рб 895 900000073524 0.04 Книги
Vip Innovations Ltd, Rousse, Bulgaria 2025